| 000 | 00834nam a2200241Ia 4500 | ||
|---|---|---|---|
| 008 | 191130s2004##################000#0#eng## | ||
| 020 | _a9780520238077 | ||
| 040 |
_aACL _cACL |
||
| 082 | _a709.73 LEJ | ||
| 100 | _aLeja, Michael | ||
| 245 |
_aLooking askance : skepticism and American art from Eakins to Duchamp _cMichael Leja |
||
| 260 |
_aBerkeley _bUniversity of California Press _c2004 |
||
| 300 | _axiii, 300 p. : ill. (some col.) ; 26 cm | ||
| 500 | _aIncludes bibliographical references and index | ||
| 650 | _aArt and society - United States | ||
| 650 | _aArt, American - 19th century | ||
| 650 | _aArt, American - 20th century | ||
| 650 | _aOptical illusions in art | ||
| 650 | _aVisual perception - Psychological aspects | ||
| 990 | _a54313ed7ac10000c2652363c0d277d49 | ||
| 991 | _a299504 | ||
| 999 |
_c271532 _d271532 |
||